000 00795nam a2200229Ii 4500
003 JO-AjNU
008 230605s9999||||xx |||||||||||||| ||und||
017 _a40916
020 _a978-9957-07-982-6
040 _aJO-AjNU
_bara
_erda
_cJO-AjNU
041 _aara
050 1 4 _aRC423. A43 2014
100 3 _aعمايره، موسى محمد، م. مشارك ياسر سعيد الناطور,
_eauthor
_960660
245 0 0 _aمقدمه في اضطرابات التواصل = Introduction to Communcation Disorders
250 _aط2
264 3 1 _aعمان: دار الفكر ناشرون وموزعون، 2014
300 _a288ص
336 _atext
_btxt
_2rdacontent
337 _aunmediated
_bn
_2rdamedia
338 _avolume
_bnc
_2rdacarrier
650 4 _aصعوبات التعلم
_960661
999 _aA27366
_c30934
_d30934